| 000 | 00562nam a22001697a 4500 | ||
|---|---|---|---|
| 999 |
_c16293 _d16293 |
||
| 008 | 170201b xxu||||| |||| 00| 0 eng d | ||
| 020 | _a0525951902 | ||
| 040 |
_aKABU _cKABU |
||
| 050 |
_aBR115 _b.K45 2010 C.1 |
||
| 100 | _aKeller, Timothy | ||
| 245 |
_aGenerous justice _bhow God's grace makes us just _cby Timothy Keller |
||
| 260 |
_aUSA _bPenguin Group _c2010 |
||
| 300 | _axxi, 230 p. | ||
| 650 | _aChristianity and justice | ||
| 650 |
_aSocial justice _vChristianity _xReligious aspects |
||
| 942 |
_2lcc _cBK _hBR115 .K45 2010 C.1 |
||